Statistics for Rock Songs #15

Click here to take the quiz!

General Stats

  • This quiz has been taken 32 times
  • The average score is 5 of 20

Answer Stats

Song NameNumber of Spotify Streams to nearest MillionArtist% Correct
Killer Queen806Queen
93%
Wonderwall1938Oasis
90%
Under The Bridge1348Red Hot Chili Peppers
87%
Black Dog366Led Zeppelin
73%
Why don't you get a job335The Offspring
37%
Hair of the dog66Nazareth
30%
No One Knows437Queens of the Stone age
30%
Living Dead Girl158Rob Zombie
13%
Figure it out247Royal Blood
13%
Just Got Paid32ZZ Top
13%
It's Only Love49Bryan Adams
7%
Punk Rock Song29Bad Religion
3%
Ov Fire and The Void15Behemoth
3%
Youth18Cleopatrick
3%
Too Drunk To Fuck22Dead Kennedys
3%
Power of the Triforce2DragonForce
3%
I'm Scum21IDLES
3%
Die, Die my Darling26Misfits
3%
Fuck Authority74Pennywise
3%
Absolute Zero168Stone Sour
3%

Score Distribution

Percentile by Number Answered

Percent of People with Each Score

Your Score History

You have not taken this quiz